000 00857cas a22002777a 4500
005 20220329142322.0
008 000621u us zr pernn 0 b1eng d
010 _a81637
011 _a82609
022 _a0038-5719
035 _a93108
245 0 0 _aSoviet Plant Physiology
260 0 _aNew York :
_bConsultants Bureau,
_c195?-.
300 _av.
310 _aBimestral
362 _av.32 n.5, 1985
500 _aSe dejó de recibir a partir del v.39 n.2 de 1992.
590 _aBATCH-UPD
_b10
_c20130110
_lUCH01
_h0627
590 _aBATCH-UPD
_b10
_c20130410
_lUCH01
_h0310
590 _aBATCH-UPD
_b10
_c20130914
_lUCH01
_h1413
590 _aCONVERSION
_b10
_c20130109
_lUCH01
_h1345
650 1 4 _aFisiología vegetal
_xPublicaciones periódicas.
_941143
866 _av.20 n.1-v.39 n.6 (1973-1992)
901 _aSE
905 _aLilia Sánchez G.
999 _c81637
_d81637